000 00844nam a2200253Ia 4500
003 OSt
005 20220923224528.0
006 a|||||r|||| 00| 0
007 ta
008 220922b |||||||| |||| 00| 0 hin d
020 _c250
024 _a239,099
037 _b454, 21/03/2009, Vani Prakashan
_cTextual
040 _aARTS
_cARTS
_bhin
041 _2hin
_ahin
082 _aY592, 152P4
100 _aकर्दम, जय प्रकाश, संपा.
245 0 _aजाति
_b एक विमर्श
246 _aJāti: ek vimarsha
260 _aहापुड़
_b मुहिम प्रकाशन
_c2004
300 _a239पृ.
_ccm.
942 _hY592, 152P4
_cTEXL
_2CC
999 _c371996
_d371996